| 000 | 01184nam a2200265Ia 4500 | ||
|---|---|---|---|
| 001 | 10593 | ||
| 003 | GE_BSU | ||
| 008 | 181216s||||||||xx |||||||||||||| ||und|| | ||
| 020 | _a9789941052217 | ||
| 040 | _cGE_BSU | ||
| 080 | _a336.763+339.727 | ||
| 100 | _aქოქიაური,ლამარა | ||
| 245 | _aფინანსური ბაზარი.ფასიანი ქაღალდების ბაზრის ფუნდამენტური და ტექნიკური ანალიზი. | ||
| 245 | _cმეცნ–რედ:გიორგი ღავთაძე. | ||
| 260 | _aთბილისი | ||
| 260 | _bსაქ.ტექნ.უნ–ტი. | ||
| 260 | _c2013. | ||
| 300 | _a626გვ;26სმ. | ||
| 300 | _bგრაფ. | ||
| 300 | _cდანართი გვ.572–598. | ||
| 300 | _eბიბლიოგრ. გვ:598–594. ნახ. | ||
| 541 | _h30ლ. | ||
| 653 | _aფინანსური ბაზარი.ფასიანი ქარალდების ბაზრის ფუნდამენტური და ტექნიკური ანალიზი. | ||
| 942 | _cBK | ||
| 999 |
_c43845 _d43845 |
||